000 01155nam a2200193 a 4500
005 20260221180150.0
008 260215s2026##################000#0#eng##
020 _a9780521773379
_qhbk
041 _aeng
082 0 4 _a303.64
_bPAR
100 _a Parsa, Misagh
245 1 0 _aStates, Ideologies, and Social Revolutions: A Comparative Analysis of Iran, Nicaragua, and the Philippines
_c/ Misagh Parsa
260 _bCambridge Univ Pr
_c2000.
300 _a326p,;
_c20 cm.
504 _aindex
520 _aBetween 1979 and 1986 Iran, Nicaragua, and the Philippines underwent dramatic political and social revolutions. This book examines the conditions and processes that gave rise to revolutions and their outcomes, through an in-depth analysis of economic and political developments in these countries. The author also analyzes the impact of the collective actions and ideologies of the major social groups involved--students, clergy, workers, and capitalists. His book provides a valuable new framework within which to understand the causes of revolutions, their mechanics and development, and their outcomes.
650 _asociology
942 _cREF
999 _c612684
_d612684